[Event "Hastings Premier 1989/90 65th"]
[Site "Hastings"]
[Date "1989.12.28"]
[Round "1"]
[White "Spraggett, Kevin"]
[Black "Dolmatov, Sergey"]
[Result "1/2-1/2"]
[WhiteElo "2585"]
[BlackElo "2615"]
[PlyCount "27"]
[EventDate "1989.12.28"]
[EventType "tourn"]
[EventRounds "14"]
[EventCountry "ENG"]
[EventCategory "14"]
[SourceTitle "Britbase"]
[Source "John Saunders"]
[SourceDate "2025.01.01"]
[SourceVersion "1"]
[SourceVersionDate "2025.01.01"]
[SourceQuality "1"]

1. c4 f5 2. g3 Nf6 3. Bg2 c6 4. d3 e5 5. Nf3 d6 6. Nc3 Be7 7. O-O O-O 8. b4 a6 9. a4 Kh8 10. Rb1 Be6 11. b5 axb5 12. axb5 Qc7 13. bxc6 bxc6 14. Qb3 1/2-1/2

[Event "Hastings Premier 1989/90 65th"]
[Site "Hastings"]
[Date "1989.12.29"]
[Round "2"]
[White "Spraggett, Kevin"]
[Black "Yusupov, Artur"]
[Result "1/2-1/2"]
[WhiteElo "2585"]
[BlackElo "2610"]
[PlyCount "91"]
[EventDate "1989.12.28"]
[EventType "tourn"]
[EventRounds "14"]
[EventCountry "ENG"]
[EventCategory "14"]
[SourceTitle "Britbase"]
[Source "John Saunders"]
[SourceDate "2025.01.01"]
[SourceVersion "1"]
[SourceVersionDate "2025.01.01"]
[SourceQuality "1"]

1. c4 e6 2. Nc3 d5 3. d4 Be7 4. cxd5 exd5 5. Bf4 Nf6 6. e3 Bf5 7. Qb3 Nc6 8. a3 Rb8 9. Nf3 O-O 10. Be2 a6 11. O-O b5 12. Ne5 Na5 13. Qd1 Rb6 14. Bd3 Bxd3 15. Nxd3 Nc4 16. Nb1 Re6 17. b3 Na5 18. Nd2 Ne4 19. Nxe4 dxe4 20. Rc1 exd3 21. Bxc7 Qd5 22. Bxa5 Bxa3 23. Rc3 Bd6 24. Qf3 Qg5 25. Rxd3 b4 26. d5 Rh6 27. g3 Qe7 28. Rc1 Qd7 29. Rd4 Rf6 30. Qe2 Be5 31. Rxb4 Qxd5 32. Bc7 Bxc7 33. Rxc7 h5 34. Rbc4 g6 35. R7c5 Qb7 36. Qc2 Qf3 37. h4 Rd6 38. Rd4 Rxd4 39. exd4 Kh7 40. Re5 Rd8 41. Qc4 Rd6 42. Re3 Qf5 43. Kg2 Rf6 44. f3 Qa5 45. Re2 Qa1 46. Re4 1/2-1/2

[Event "Hastings Premier 1989/90 65th"]
[Site "Hastings"]
[Date "1989.12.31"]
[Round "3"]
[White "Adams, Michael"]
[Black "Gulko, Boris F"]
[Result "1/2-1/2"]
[WhiteElo "2505"]
[BlackElo "2610"]
[PlyCount "75"]
[EventDate "1989.12.28"]
[EventType "tourn"]
[EventRounds "14"]
[EventCountry "ENG"]
[EventCategory "14"]
[SourceTitle "Britbase"]
[Source "John Saunders"]
[SourceDate "2025.01.01"]
[SourceVersion "1"]
[SourceVersionDate "2025.01.01"]
[SourceQuality "1"]

1. e4 e5 2. Nf3 Nc6 3. Bb5 Bc5 4. c3 Nf6 5. O-O O-O 6. d4 Bb6 7. Bg5 h6 8. Bh4 d6 9. Bxc6 bxc6 10. dxe5 dxe5 11. Nbd2 Bg4 12. Qe2 g5 13. Bg3 Nd7 14. h3 Bh5 15. Qc4 Kh7 16. Qxc6 Nc5 17. Bxe5 f5 18. Nd4 Qe8 19. Nc4 fxe4 20. Qxe8 Rfxe8 21. Bg3 Nd3 22. Nxb6 cxb6 23. b3 a6 24. a4 Red8 25. Nc2 Rac8 26. c4 Nc5 27. Rfb1 Rd3 28. a5 bxa5 29. Rxa5 Rxb3 30. Rxb3 Nxb3 31. Rxa6 Rxc4 32. Ne3 Rc1+ 33. Kh2 Nd2 34. Be5 Nf1+ 35. Nxf1 Rxf1 36. g4 Bf7 37. Kg2 Rd1 38. Ra7 1/2-1/2

[Event "Hastings Premier 1989/90 65th"]
[Site "Hastings"]
[Date "1989.12.31"]
[Round "3"]
[White "Yusupov, Artur"]
[Black "Dolmatov, Sergey"]
[Result "1/2-1/2"]
[WhiteElo "2610"]
[BlackElo "2615"]
[PlyCount "37"]
[EventDate "1989.12.28"]
[EventType "tourn"]
[EventRounds "14"]
[EventCountry "ENG"]
[EventCategory "14"]
[SourceTitle "Britbase"]
[Source "John Saunders"]
[SourceDate "2025.01.01"]
[SourceVersion "1"]
[SourceVersionDate "2025.01.01"]
[SourceQuality "1"]

1. d4 e6 2. Nf3 Nf6 3. c4 b6 4. g3 Ba6 5. Nbd2 Bb7 6. Bg2 Be7 7. O-O O-O 8. Qc2 d5 9. cxd5 exd5 10. Ne5 c5 11. dxc5 bxc5 12. Ndc4 Qc7 13. Bf4 g5 14. Bxg5 dxc4 15. Qf5 Bxg2 16. Bxf6 Bxf6 17. Qxf6 Bxf1 18. Qg5+ Kh8 19. Qf6+ 1/2-1/2

[Event "Hastings Premier 1989/90 65th"]
[Site "Hastings"]
[Date "1990.01.01"]
[Round "4"]
[White "Dolmatov, Sergey"]
[Black "Chandler, Murray G"]
[Result "1/2-1/2"]
[WhiteElo "2615"]
[BlackElo "2585"]
[PlyCount "58"]
[EventDate "1989.12.28"]
[EventType "tourn"]
[EventRounds "14"]
[EventCountry "ENG"]
[EventCategory "14"]
[SourceTitle "BritBase"]
[Source "John Saunders"]
[SourceDate "2024.12.03"]
[SourceVersion "1"]
[SourceVersionDate "2024.12.03"]
[SourceQuality "1"]

1. e4 c5 2. Nf3 Nc6 3. d4 cxd4 4. Nxd4 Nf6 5. Nc3 e5 6. Ndb5 d6 7. Bg5 a6 8. Na3 b5 9. Bxf6 gxf6 10. Nd5 Bg7 11. Bd3 Ne7 12. Nxe7 Qxe7 13. c3 f5 14. Nc2 O-O 15. Qh5 f4 16. g3 f5 17. O-O-O Bb7 18. Rhe1 fxg3 19. hxg3 d5 20. exd5 Qf6 21. g4 e4 22. Bf1 Rac8 23. gxf5 b4 24. Rxe4 bxc3 25. b3 Rcd8 26. Bc4 Kh8 27. Re6 Qxf5 28. Qxf5 Rxf5 29. d6 Bf6 1/2-1/2

[Event "Hastings Premier 1989/90 65th"]
[Site "Hastings"]
[Date "1990.01.01"]
[Round "4"]
[White "Spraggett, Kevin"]
[Black "Adams, Michael"]
[Result "1-0"]
[WhiteElo "2585"]
[BlackElo "2505"]
[PlyCount "97"]
[EventDate "1989.12.28"]
[EventType "tourn"]
[EventRounds "14"]
[EventCountry "ENG"]
[EventCategory "14"]
[SourceTitle "Britbase"]
[Source "John Saunders"]
[SourceDate "2025.01.01"]
[SourceVersion "1"]
[SourceVersionDate "2025.01.01"]
[SourceQuality "1"]

1. g3 Nf6 2. Bg2 e5 3. c4 Nc6 4. Nc3 Bb4 5. Nd5 O-O 6. a3 Bd6 7. Nc3 Re8 8. d3 Bf8 9. e3 Ne7 10. e4 c6 11. Bg5 Ng6 12. Nge2 h6 13. Bd2 Ne7 14. f4 exf4 15. gxf4 d5 16. e5 Ng4 17. h3 d4 18. hxg4 dxc3 19. Bxc3 Bxg4 20. d4 Ng6 21. O-O Nh4 22. Be4 Nf5 23. Bxf5 Bxf5 24. Ng3 Be6 25. b3 f5 26. Qd3 Qd7 27. a4 Qf7 28. Rad1 Rad8 29. Rd2 Rd7 30. Qf3 Red8 31. Rfd1 Kh7 32. Nf1 g5 33. Ne3 g4 34. Qh1 Rc7 35. Kf1 b6 36. Bb2 Qg6 37. d5 cxd5 38. Nxd5 Bxd5 39. cxd5 Bb4 40. d6 Rg7 41. Rc2 Bc5 42. Rd3 a5 43. Bd4 h5 44. Bxc5 bxc5 45. Rh2 Kh6 46. e6 c4 47. e7 Rb8 48. d7 cxd3 49. d8=Q 1-0

[Event "Hastings Premier 1989/90 65th"]
[Site "Hastings"]
[Date "1990.01.02"]
[Round "5"]
[White "Chandler, Murray G"]
[Black "Gulko, Boris F"]
[Result "1/2-1/2"]
[WhiteElo "2585"]
[BlackElo "2610"]
[PlyCount "81"]
[EventDate "1989.12.28"]
[EventType "tourn"]
[EventRounds "14"]
[EventCountry "ENG"]
[EventCategory "14"]
[SourceTitle "BritBase"]
[Source "John Saunders"]
[SourceDate "2024.12.03"]
[SourceVersion "1"]
[SourceVersionDate "2024.12.03"]
[SourceQuality "1"]

1. e4 e5 2. Nf3 Nc6 3. Bb5 Bc5 4. c3 Nf6 5. d4 Bb6 6. Bxc6 dxc6 7. Nxe5 O-O 8. Bg5 Qe8 9. Qf3 Nxe4 10. Qxe4 f6 11. Bf4 fxe5 12. Bxe5 Bf5 13. Qe3 Qe7 14. Nd2 c5 15. O-O cxd4 16. cxd4 c5 17. Nc4 cxd4 18. Bxd4 Qxe3 19. Bxe3 Bc7 20. Rfd1 Be6 21. Nd6 Rfd8 22. Nxb7 Rxd1+ 23. Rxd1 Bxa2 24. Rd7 Be5 25. b4 a6 26. f4 Bc3 27. Bd4 Bxd4+ 28. Rxd4 Rc8 29. Rd2 Rc1+ 30. Kf2 Bc4 31. Nd6 Kf8 32. Ke3 Be6 33. f5 Bd7 34. g4 Ke7 35. Kf4 h6 36. Ke5 Rg1 37. Rd4 Rh1 38. Rd2 Rb1 39. Rd4 Rh1 40. Rd2 Rb1 41. Rd4 1/2-1/2

[Event "Hastings Premier 1989/90 65th"]
[Site "Hastings"]
[Date "1990.01.03"]
[Round "6"]
[White "Adams, Michael"]
[Black "Dolmatov, Sergey"]
[Result "1/2-1/2"]
[WhiteElo "2505"]
[BlackElo "2615"]
[PlyCount "83"]
[EventDate "1989.12.28"]
[EventType "tourn"]
[EventRounds "14"]
[EventCountry "ENG"]
[EventCategory "14"]
[SourceTitle "Britbase"]
[Source "John Saunders"]
[SourceDate "2025.01.01"]
[SourceVersion "1"]
[SourceVersionDate "2025.01.01"]
[SourceQuality "1"]

1. e4 e6 2. d4 d5 3. Nd2 c5 4. exd5 exd5 5. Ngf3 Nf6 6. dxc5 Bxc5 7. Nb3 Be7 8. Be2 O-O 9. O-O Bf5 10. Re1 Nc6 11. c3 Ne4 12. Be3 Bg6 13. Nbd4 Bf6 14. Qa4 Qc7 15. Rac1 Rfd8 16. Bf1 a6 17. g3 b5 18. Qd1 Na5 19. a4 bxa4 20. Qxa4 Nc4 21. Bf4 Qc8 22. b3 Ncd6 23. Qa3 Nb5 24. Qb2 Qb7 25. Nxb5 axb5 26. Be5 b4 27. Bxf6 Nxf6 28. cxb4 Qxb4 29. Nd4 Rdc8 30. Red1 h6 31. Bh3 Rxc1 32. Rxc1 Bd3 33. Nc6 Qb6 34. Nd4 Ra4 35. Nc6 Be4 36. b4 d4 37. b5 d3 38. Bf1 Ng4 39. h3 Nf6 40. h4 Ra8 41. Ne5 Rd8 42. Rd1 1/2-1/2

[Event "Hastings Premier 1989/90 65th"]
[Site "Hastings"]
[Date "1990.01.03"]
[Round "6"]
[White "Chandler, Murray G"]
[Black "Yusupov, Artur"]
[Result "1-0"]
[WhiteElo "2585"]
[BlackElo "2610"]
[PlyCount "111"]
[EventDate "1989.12.28"]
[EventType "tourn"]
[EventRounds "14"]
[EventCountry "ENG"]
[EventCategory "14"]
[SourceTitle "BritBase"]
[Source "John Saunders"]
[SourceDate "2024.12.03"]
[SourceVersion "1"]
[SourceVersionDate "2024.12.03"]
[SourceQuality "1"]

1. e4 e5 2. Nf3 Nc6 3. Bb5 a6 4. Ba4 Nf6 5. O-O Nxe4 6. d4 b5 7. Bb3 d5 8. dxe5 Be6 9. Nbd2 Nc5 10. c3 d4 11. Bxe6 Nxe6 12. cxd4 Ncxd4 13. a4 Be7 14. Nxd4 Nxd4 15. Ne4 O-O 16. axb5 Nxb5 17. Be3 Qc8 18. Qd5 Rd8 19. Qc6 Qf5 20. f4 h5 21. h3 Rab8 22. Rfd1 Bh4 23. Qc2 Kh8 24. Qc4 Qg6 25. Kh1 Be7 26. Bc5 Bh4 27. Qe2 Rxd1+ 28. Rxd1 Re8 29. Qf3 Qf5 30. Bg1 Kg8 31. Nc5 g6 32. Qc6 Qc8 33. e6 Rxe6 34. Nxe6 Qxe6 35. Qxe6 fxe6 36. Ra1 Bg3 37. Rxa6 Kf7 38. Bh2 Bf2 39. Rc6 Ke7 40. Bg1 Bg3 41. Rc5 c6 42. Rxc6 Bxf4 43. Rb6 Nc7 44. Bh2 g5 45. Bxf4 gxf4 46. Kg1 Nd5 47. Rb7+ Kf6 48. Kf2 Ke5 49. Kf3 Kd4 50. Ra7 Ke5 51. Ra4 Kf5 52. Rd4 Ke5 53. Rc4 Kf5 54. b4 e5 55. b5 Nb6 56. Rc6 {Sources: bulletin; CHESS, March 1990, Vol.54/12, p22} 1-0

[Event "Hastings Premier 1989/90 65th"]
[Site "Hastings"]
[Date "1990.01.03"]
[Round "6"]
[White "Gulko, Boris F"]
[Black "Spraggett, Kevin"]
[Result "1/2-1/2"]
[WhiteElo "2610"]
[BlackElo "2585"]
[PlyCount "69"]
[EventDate "1989.12.28"]
[EventType "tourn"]
[EventRounds "14"]
[EventCountry "ENG"]
[EventCategory "14"]
[SourceTitle "Britbase"]
[Source "John Saunders"]
[SourceDate "2025.01.01"]
[SourceVersion "1"]
[SourceVersionDate "2025.01.01"]
[SourceQuality "1"]

1. d4 Nf6 2. c4 g6 3. Nc3 Bg7 4. e4 d6 5. f3 O-O 6. Nge2 c5 7. d5 e6 8. Ng3 exd5 9. cxd5 h5 10. Bg5 Qb6 11. Qd2 Nh7 12. Be3 Nd7 13. Nge2 Ne5 14. Nf4 a6 15. Be2 Qa5 16. O-O b5 17. Qc2 Bd7 18. Bd2 Qb6 19. Be3 Nc4 20. Bxc4 bxc4 21. Rab1 Rab8 22. Qd2 Qa5 23. Nfe2 Rfe8 24. Bh6 Bh8 25. Qf4 Qc7 26. Qg3 Nf6 27. h3 Rb6 28. Bf4 Bg7 29. Rfd1 a5 30. Rd2 a4 31. Re1 Qb8 32. Nd1 Bc8 33. Nec3 a3 34. bxa3 Nd7 35. a4 {Source: bulletin} 1/2-1/2

[Event "Hastings Premier 1989/90 65th"]
[Site "Hastings"]
[Date "1990.01.04"]
[Round "7"]
[White "Spraggett, Kevin"]
[Black "Chandler, Murray G"]
[Result "1-0"]
[WhiteElo "2585"]
[BlackElo "2585"]
[PlyCount "95"]
[EventDate "1989.12.28"]
[EventType "tourn"]
[EventRounds "14"]
[EventCountry "ENG"]
[EventCategory "14"]
[SourceTitle "BritBase"]
[Source "John Saunders"]
[SourceDate "2024.12.03"]
[SourceVersion "1"]
[SourceVersionDate "2024.12.03"]
[SourceQuality "1"]

1. c4 e5 2. Nc3 Nf6 3. Nf3 Nc6 4. e4 d6 5. d3 Bg4 6. h3 Bxf3 7. Qxf3 Nd4 8. Qd1 g6 9. g3 h5 10. h4 Bh6 11. Bxh6 Rxh6 12. Bh3 Kf8 13. O-O Kg7 14. Ne2 c5 15. Nxd4 cxd4 16. f4 Qe7 17. Rf2 Ng8 18. Qd2 exf4 19. Rxf4 Qe5 20. Kh2 Rh8 21. Raf1 Nh6 22. Qb4 b6 23. Qa4 Rhe8 24. Qc6 Rad8 25. b4 Re7 26. a4 Rb8 27. R1f2 Rf8 28. Rf6 Rd8 29. R6f4 Rf8 30. Kg2 f6 31. a5 bxa5 32. bxa5 Qxa5 33. Qxd6 Qe5 34. Qa6 f5 35. Qa1 Ref7 36. Ra2 fxe4 37. Rxe4 Qb8 38. Qxd4+ Kh7 39. Rae2 a5 40. c5 Rd8 41. Qc4 Qb1 42. Re7 Rdf8 43. c6 Qa1 44. c7 Rxe7 45. Rxe7+ Kh8 46. c8=Q Qf1+ 47. Kh2 Ng4+ 48. Q4xg4 1-0

[Event "Hastings Premier 1989/90 65th"]
[Site "Hastings"]
[Date "1990.01.04"]
[Round "7"]
[White "Yusupov, Artur"]
[Black "Speelman, Jonathan S"]
[Result "1-0"]
[WhiteElo "2610"]
[BlackElo "2615"]
[PlyCount "95"]
[EventDate "1989.12.28"]
[EventType "tourn"]
[EventRounds "14"]
[EventCountry "ENG"]
[EventCategory "14"]
[SourceTitle "Britbase"]
[Source "John Saunders"]
[SourceDate "2025.01.01"]
[SourceVersion "1"]
[SourceVersionDate "2025.01.01"]
[SourceQuality "1"]

1. d4 Nf6 2. Nf3 e6 3. Bg5 Be7 4. Nbd2 h6 5. Bh4 d5 6. e3 Nbd7 7. c3 c5 8. Bd3 b6 9. Ne5 Nxe5 10. dxe5 Nd7 11. Bxe7 Qxe7 12. f4 Bb7 13. Qe2 O-O-O 14. O-O-O f6 15. exf6 gxf6 16. e4 d4 17. c4 h5 18. g3 Kb8 19. Nf3 b5 20. Rhe1 Nb6 21. Nd2 bxc4 22. Nxc4 e5 23. Kb1 Nxc4 24. Bxc4 f5 25. exf5 e4 26. Ba6 Rhe8 27. Qb5 e3 28. f6 Qe4+ 29. Rd3 Ka8 30. Bxb7+ Qxb7 31. Qxc5 Qe4 32. Qc4 Rf8 33. Ka1 Qd5 34. Qxd5+ Rxd5 35. Rexe3 Rxf6 36. Re2 h4 37. b3 hxg3 38. hxg3 Rh6 39. Kb2 Rh1 40. Rf2 Re1 41. f5 Re3 42. Kc2 Re7 43. f6 Rf7 44. g4 Kb7 45. Rf4 Kc6 46. Rdxd4 Rxd4 47. Rxd4 Rxf6 48. Rd2 {Source: bulletin} (48. g5 Rf2+ 49. Rd2 {1-0 is the finish according to Informator 49/435 (annotated by Yusupov)}) 1-0

[Event "Hastings Premier 1989/90 65th"]
[Site "Hastings"]
[Date "1990.01.06"]
[Round "8"]
[White "Dolmatov, Sergey"]
[Black "Spraggett, Kevin"]
[Result "1/2-1/2"]
[WhiteElo "2615"]
[BlackElo "2585"]
[PlyCount "23"]
[EventDate "1989.12.28"]
[EventType "tourn"]
[EventRounds "14"]
[EventCountry "ENG"]
[EventCategory "14"]
[SourceTitle "Britbase"]
[Source "John Saunders"]
[SourceDate "2025.01.01"]
[SourceVersion "1"]
[SourceVersionDate "2025.01.01"]
[SourceQuality "1"]

1. e4 c5 2. Nf3 Nc6 3. d4 cxd4 4. Nxd4 Nf6 5. Nc3 d6 6. Bg5 Qb6 7. Be3 Qxb2 8. Ndb5 Qb4 9. Bd2 Qc5 10. Be3 Qb4 11. Bd2 Qc5 12. Be3 1/2-1/2

[Event "Hastings Premier 1989/90 65th"]
[Site "Hastings"]
[Date "1990.01.06"]
[Round "8"]
[White "Gulko, Boris F"]
[Black "Yusupov, Artur"]
[Result "1/2-1/2"]
[WhiteElo "2610"]
[BlackElo "2610"]
[PlyCount "115"]
[EventDate "1989.12.28"]
[EventType "tourn"]
[EventRounds "14"]
[EventCountry "ENG"]
[EventCategory "14"]
[SourceTitle "Britbase"]
[Source "John Saunders"]
[SourceDate "2025.01.01"]
[SourceVersion "1"]
[SourceVersionDate "2025.01.01"]
[SourceQuality "1"]

1. d4 Nf6 2. c4 e6 3. Nc3 Bb4 4. Qc2 O-O 5. a3 Bxc3+ 6. Qxc3 b6 7. Bg5 Bb7 8. Nh3 h6 9. Bh4 d5 10. cxd5 exd5 11. e3 Nbd7 12. Bd3 c5 13. f3 Qe7 14. Bf5 g5 15. Bg3 Rfe8 16. Kf2 cxd4 17. Qxd4 Nc5 18. Rad1 Bc8 19. Bb1 Bd7 20. b4 Ne6 21. Qd2 Ng7 22. Rhe1 Bf5 23. Kg1 Bxb1 24. Rxb1 Nf5 25. Qd3 Qe6 26. Nf2 Rac8 27. e4 Nxg3 28. hxg3 dxe4 29. Nxe4 Red8 30. Qb3 Nxe4 31. Qxe6 fxe6 32. Rxe4 Rd2 33. Rxe6 Rcc2 34. Rxh6 Rxg2+ 35. Kh1 Rxg3 36. Rg1 Kg7 37. Rxg3 Kxh6 38. f4 gxf4 39. Rg4 Rc3 40. Rxf4 Kg5 41. Rf7 Rxa3 42. Kg2 Kg6 43. Rf4 Re3 44. Kf2 Re5 45. Kf3 Kg5 46. Rc4 Kf6 47. Rc6+ Ke7 48. Rc7+ Kd6 49. Rxa7 Kd5 50. Rb7 Kc6 51. Rh7 Kb5 52. Rh6 Re7 53. Rg6 Re8 54. Rh6 Rb8 55. Ke3 Kxb4 56. Kd2 Kb3 57. Kc1 Ka2 58. Rh2+ 1/2-1/2

[Event "Hastings Premier 1989/90 65th"]
[Site "Hastings"]
[Date "1990.01.07"]
[Round "9"]
[White "Yusupov, Artur"]
[Black "Spraggett, Kevin"]
[Result "1/2-1/2"]
[WhiteElo "2610"]
[BlackElo "2585"]
[PlyCount "86"]
[EventDate "1989.12.28"]
[EventType "tourn"]
[EventRounds "14"]
[EventCountry "ENG"]
[EventCategory "14"]
[SourceTitle "Britbase"]
[Source "John Saunders"]
[SourceDate "2025.01.01"]
[SourceVersion "1"]
[SourceVersionDate "2025.01.01"]
[SourceQuality "1"]

1. d4 Nf6 2. c4 g6 3. Nc3 Bg7 4. e4 d6 5. Be2 O-O 6. Bg5 Nbd7 7. Qd2 a6 8. Nf3 Rb8 9. e5 dxe5 10. dxe5 Ng4 11. e6 fxe6 12. Rd1 Qe8 13. O-O Nge5 14. Nd4 Nb6 15. c5 Nbc4 16. Qc1 b5 17. b3 Na5 18. Bh6 Qf7 19. Bxg7 Qxg7 20. Qe3 Nac6 21. Nxc6 Nxc6 22. Rfe1 e5 23. Bf3 Nd4 24. Bd5+ e6 25. Qxe5 Qxe5 26. Rxe5 exd5 27. Rxd4 c6 28. f3 Bd7 29. a3 Rbe8 30. Rxe8 Rxe8 31. Kf2 a5 32. Ne2 Kg7 33. Rd3 Kf6 34. Re3 Rb8 35. Nd4 b4 36. a4 g5 37. g3 Rf8 38. Re1 h6 39. Rh1 Re8 40. h4 g4 41. f4 Re4 42. Rd1 h5 43. Rd2 Be8 1/2-1/2

[Event "Hastings Premier 1989/90 65th"]
[Site "Hastings"]
[Date "1990.01.08"]
[Round "10"]
[White "Dolmatov, Sergey"]
[Black "Yusupov, Artur"]
[Result "1/2-1/2"]
[WhiteElo "2615"]
[BlackElo "2610"]
[PlyCount "47"]
[EventDate "1989.12.28"]
[EventType "tourn"]
[EventRounds "14"]
[EventCountry "ENG"]
[EventCategory "14"]
[SourceTitle "Britbase"]
[Source "John Saunders"]
[SourceDate "2025.01.01"]
[SourceVersion "1"]
[SourceVersionDate "2025.01.01"]
[SourceQuality "1"]

1. e4 e5 2. Nf3 Nf6 3. d4 Nxe4 4. Bd3 d5 5. Nxe5 Bd6 6. O-O O-O 7. c4 Bxe5 8. dxe5 Nc6 9. cxd5 Qxd5 10. Qc2 Nb4 11. Bxe4 Nxc2 12. Bxd5 Bf5 13. g4 Bxg4 14. Be4 Nxa1 15. Bf4 f5 16. Bd5+ Kh8 17. Rc1 c6 18. Bg2 Rfd8 19. f3 Bh5 20. Na3 Rd4 21. Be3 Rb4 22. Nc4 Ra4 23. Na3 Rb4 24. Nc4 1/2-1/2

[Event "Hastings Premier 1989/90 65th"]
[Site "Hastings"]
[Date "1990.01.08"]
[Round "10"]
[White "Gulko, Boris F"]
[Black "Adams, Michael"]
[Result "1/2-1/2"]
[WhiteElo "2610"]
[BlackElo "2505"]
[PlyCount "39"]
[EventDate "1989.12.28"]
[EventType "tourn"]
[EventRounds "14"]
[EventCountry "ENG"]
[EventCategory "14"]
[SourceTitle "Britbase"]
[Source "John Saunders"]
[SourceDate "2025.01.01"]
[SourceVersion "1"]
[SourceVersionDate "2025.01.01"]
[SourceQuality "1"]

1. d4 Nf6 2. c4 e6 3. Nc3 Bb4 4. Qc2 O-O 5. a3 Bxc3+ 6. Qxc3 Qe8 7. f3 d6 8. e4 e5 9. Be3 Nc6 10. Ne2 a5 11. d5 Ne7 12. h4 a4 13. h5 Nd7 14. g4 b6 15. Ng3 Nc5 16. Rc1 f6 17. Rc2 Nb3 18. Nf5 Ra7 19. Rg2 Qd8 20. Nxe7+ 1/2-1/2

[Event "Hastings Premier 1989/90 65th"]
[Site "Hastings"]
[Date "1990.01.09"]
[Round "11"]
[White "Chandler, Murray G"]
[Black "Dolmatov, Sergey"]
[Result "1/2-1/2"]
[WhiteElo "2585"]
[BlackElo "2615"]
[PlyCount "58"]
[EventDate "1989.12.28"]
[EventType "tourn"]
[EventRounds "14"]
[EventCountry "ENG"]
[EventCategory "14"]
[SourceTitle "BritBase"]
[Source "John Saunders"]
[SourceDate "2024.12.03"]
[SourceVersion "1"]
[SourceVersionDate "2024.12.03"]
[SourceQuality "1"]

1. e4 e6 2. d4 d5 3. Nc3 Nf6 4. Bg5 dxe4 5. Nxe4 Be7 6. Bxf6 Bxf6 7. Nf3 O-O 8. Qd2 b6 9. O-O-O Bb7 10. Bd3 Nd7 11. h4 Be7 12. Rh3 Nf6 13. Nxf6+ Bxf6 14. Ng5 h6 15. f4 c5 16. Qe2 cxd4 17. Bh7+ Kh8 18. Be4 Bxe4 19. Qxe4 g6 20. Nf3 h5 21. Ne5 Qe7 22. Rxd4 Rad8 23. Rhd3 Rxd4 24. Rxd4 Bxe5 25. Qxe5+ Kg8 26. g3 Rd8 27. Rxd8+ Qxd8 28. b3 Qe7 29. Kb2 f6 1/2-1/2

[Event "Hastings Premier 1989/90 65th"]
[Site "Hastings"]
[Date "1990.01.10"]
[Round "12"]
[White "Gulko, Boris F"]
[Black "Chandler, Murray G"]
[Result "0-1"]
[WhiteElo "2610"]
[BlackElo "2585"]
[PlyCount "70"]
[EventDate "1989.12.28"]
[EventType "tourn"]
[EventRounds "14"]
[EventCountry "ENG"]
[EventCategory "14"]
[SourceTitle "BritBase"]
[Source "John Saunders"]
[SourceDate "2024.12.03"]
[SourceVersion "1"]
[SourceVersionDate "2024.12.03"]
[SourceQuality "1"]

1. d4 Nf6 2. c4 e6 3. Nc3 Bb4 4. Qc2 O-O 5. a3 Bxc3+ 6. Qxc3 b6 7. Bg5 Bb7 8. f3 h6 9. Bh4 d5 10. cxd5 exd5 11. e3 Re8 12. Nh3 Qe7 13. Bf2 c5 14. Bb5 Bc6 15. Be2 Bd7 16. O-O Bxh3 17. gxh3 Nbd7 18. Kh1 Nh5 19. Rg1 Ndf6 20. dxc5 bxc5 21. Rae1 Rab8 22. Bh4 Qe5 23. Qxe5 Rxe5 24. f4 Rxe3 25. Bf2 Rxh3 26. Bf1 Rxb2 27. Bxh3 Rxf2 28. Re7 Nxf4 29. Bf1 h5 30. Rxa7 Ng4 31. Bg2 Ne3 32. Bxd5 Nfxd5 33. a4 Nf4 34. h3 Nf1 35. Rg5 h4 0-1

[Event "Hastings Premier 1989/90 65th"]
[Site "Hastings"]
[Date "1990.01.12"]
[Round "13"]
[White "Dolmatov, Sergey"]
[Black "Adams, Michael"]
[Result "1-0"]
[WhiteElo "2615"]
[BlackElo "2505"]
[PlyCount "83"]
[EventDate "1989.12.28"]
[EventType "tourn"]
[EventRounds "14"]
[EventCountry "ENG"]
[EventCategory "14"]
[SourceTitle "Britbase"]
[Source "John Saunders"]
[SourceDate "2025.01.01"]
[SourceVersion "1"]
[SourceVersionDate "2025.01.01"]
[SourceQuality "1"]

1. e4 c6 2. d4 d5 3. exd5 cxd5 4. c4 Nf6 5. Nc3 g6 6. Qb3 Bg7 7. cxd5 O-O 8. Be2 Nbd7 9. Bf3 Nb6 10. Nge2 Bf5 11. O-O a5 12. Bf4 Bd3 13. d6 exd6 14. Qd1 Ba6 15. b3 h6 16. h3 Nh7 17. g3 Rc8 18. Bg2 Re8 19. Re1 Nf6 20. Rc1 Qd7 21. Qd2 Kh7 22. Be3 d5 23. Nf4 Rc7 24. Nd3 Bxd3 25. Qxd3 Rcc8 26. a4 Bf8 27. Bd2 Rxe1+ 28. Rxe1 Qd8 29. Ne2 Na8 30. Nf4 b6 31. Qb5 Rc2 32. Be3 Bb4 33. Rc1 Rxc1+ 34. Bxc1 Kg7 35. Be3 Bd6 36. Nxd5 Nc7 37. Nxc7 Qxc7 38. Qc6 Qe7 39. Qxb6 Bxg3 40. Qxa5 Bd6 41. Qb5 g5 42. a5 1-0

[Event "Hastings Premier 1989/90 65th"]
[Site "Hastings"]
[Date "1990.01.12"]
[Round "13"]
[White "Spraggett, Kevin"]
[Black "Gulko, Boris F"]
[Result "1/2-1/2"]
[WhiteElo "2585"]
[BlackElo "2610"]
[PlyCount "87"]
[EventDate "1989.12.28"]
[EventType "tourn"]
[EventRounds "14"]
[EventCountry "ENG"]
[EventCategory "14"]
[SourceTitle "Britbase"]
[Source "John Saunders"]
[SourceDate "2025.01.01"]
[SourceVersion "1"]
[SourceVersionDate "2025.01.01"]
[SourceQuality "1"]

1. c4 Nf6 2. Nc3 c5 3. g3 Nc6 4. Bg2 g6 5. d3 Bg7 6. Be3 d6 7. Qc1 Nd4 8. Nf3 Ng4 9. Bd2 h5 10. h3 Ne5 11. Nxe5 Bxe5 12. Rb1 a5 13. e3 Nc6 14. a3 Bd7 15. Qc2 f5 16. h4 O-O 17. Nd5 Rb8 18. Bc3 b5 19. cxb5 Rxb5 20. O-O e6 21. Bxe5 Nxe5 22. Nf4 Qb6 23. Rfd1 Rc8 24. Qe2 Kf7 25. e4 Bc6 26. Nh3 Re8 27. Rd2 Rb3 28. Rbd1 Ng4 29. d4 cxd4 30. Rxd4 Rxb2 31. Qe1 d5 32. exd5 Bxd5 33. Qc3 Rb1 34. Ng5+ Kf8 35. Rxd5 exd5 36. Rxb1 Qxb1+ 37. Bf1 Ne5 38. Qc5+ Re7 39. Qc8+ Kg7 40. Ne6+ Kf7 41. Ng5+ Kg7 42. Ne6+ Kf6 43. Ng5 Kg7 44. Ne6+ {Source: bulletin} 1/2-1/2